| 000 | 02386cam a22004094i 4500 | ||
|---|---|---|---|
| 003 | PE-LiUPU | ||
| 005 | 20250731173141.0 | ||
| 008 | 150623s2003 pe a r 000 0 spa d | ||
| 035 | _a(Sirsi) a27498 | ||
| 040 |
_aPE-LiUPU _bspa _cPE-LiUPU _erda |
||
| 082 | 0 | 4 |
_a220.5 _bC73 _221 |
| 245 | 0 | 3 |
_aLa Biblia Ilustrada / _cEl Comercio, Empresa Editora S.A. |
| 264 | 1 |
_aLima : _bEl Comercio Empresa Editora S.A., _c2003. |
|
| 300 |
_a135 páginas : _bilustraciones, figrs. fotos ; _c28 centímetros |
||
| 336 |
_atext _2rdacontent |
||
| 337 |
_aunmediated _2rdamedia |
||
| 338 |
_avolume _2rdacarrier |
||
| 505 | 0 | _aTierra de la biblia -- La familia de Adán y Eva -- La torre de babe -- Abraham y el llamado de Dios -- La destrucción de Sodoma -- La prueba de Abraham -- José y su familia en Egipto -- La Pascua del Señor -- Los Diez Mandamientos -- Sansón y los Filisteos -- La llamada de Samuel -- Saúl contra David -- David rey de Israel -- Salomón es Ungido Rey -- Las esposas de Salomón -- La viña de Nabot -- Daniel en Babilonia -- El templo es reconstruído -- Fechando el Nuevo Testamento -- El angel y el sacerdote -- Desde Egitpo a Nazaret -- El sermón de la montaña -- Jesús camina sobre el agua -- Jesús y los fariseos -- La resurrección de Lázaro -- Talentos para el reinado de Dios -- En el camino de Emaús -- Jesús juzgado por el gobernador romano -- El último desayuno -- Hasta los confines de la tierra -- Felipe en Samaria -- La conversión de Saulo -- Hechos de Pedro -- Los primeros misioneros -- Personajes del Antiguo Testamento, Personajes del Nuevo Testamento. | |
| 526 | _aSEG42 | ||
| 526 | _aSEG41 | ||
| 526 | _aSEG40 | ||
| 526 | _aSEG39 | ||
| 526 | _aP94 | ||
| 526 | _aP87 | ||
| 526 | _aP86 | ||
| 526 | _aP85 | ||
| 526 | _aP77 | ||
| 526 | _aP76 | ||
| 526 | _aP35 | ||
| 630 |
_aBiblia. _lEspañol. _f2003 _vSelecciones. |
||
| 630 |
_aBiblia _xIlustraciones _vObra de Divulgación. |
||
| 942 |
_2ddc _cBOOK |
||
| 949 |
_a220.5 C73 _wDEWEY _c1 _i52774 _lCCODEBUL1 _mBUL _p13.00 _r0 _sY _tBOOK _u2015-06-24 _xBIBLIOTECA _zUNKNOWN _0COMPRA _o.STAFF. Colección Teología |
||
| 596 | _a1 | ||
| 999 |
_a220.5 C73 _wDEWEY _c34643 _i52774 _d34643 _e2022-7-6 _f2021-11-9 _g5 _lCCODEBUL1 _mBUL _n1 _p13.00 _r0 _sY _tBOOK _u2015-6-24 _xTEOLOGIA _PP35 _0COMPRA _o.STAFF. Colección Teología |
||
| 980 |
_81 _gALBERTO SANCHEZ Responsable de Automatización |
||